Quiz Cultura Generale - Quiz n°111 - Statistics

Statistiche generali
  • Questo quiz è stato fatto 87 volte
  • Il punteggio medio è 8 su 14
Statistiche sulle risposte
Domanda Risposta % Corretto
Come si traduce il verbo inglese "to write"? Scrivere
99%
Quale animale è Baloo ne "Il Libro della Giungla"? Orso
92%
Qual è il capoluogo di regione della Basilicata? Potenza
91%
Quanti miliardi di persone ci sono circa nel mondo? 8
88%
Qual è la lingua più parlata a Barcellona? Catalano
80%
Quanti re etruschi ebbe Roma secondo la leggenda? 3
66%
Chi affisse le sue 95 tesi sulla porta della Cattedrale di Wittemberg nel 1517? Martin Lutero
63%
In quale regione italiana si trovano le Langhe? Piemonte
63%
Come si chiama la moglie di Fred Flintstone? Wilma
53%
Come si chiamava il dio greco del vento? Eolo
51%
Chi è il presentatore attuale de "L'Eredità"? Marco Liorni
29%
Vicino a quale penisola si schiantò il meteorite che portò all'estinzione dei dinosauri? Yucatan
11%
Quale osso forma la parte posteriore del cranio? Occipite
9%
Com'è detta l'estremità delle ossa lunghe? Epifisi
5%
Nessun quiz corrispondente trovato
Distribuzione punteggi
Percentuale di utenti per punteggio
Percentile per numero di risposta
I tuoi punteggi nel tempo
Non hai fatto questo quiz